| 000 | 00390nam a22001457a 4500 | ||
|---|---|---|---|
| 005 | 20250905135021.0 | ||
| 008 | 250905b |||||||| |||| 00| 0 eng d | ||
| 020 | _a9780849936081 | ||
| 050 |
_aBV4398 _b.5 MCB |
||
| 100 | _aMCBURNEY LOUIS | ||
| 245 |
_aCOUNSSELING CHRISTIAN WORKERS; _bA HOW TO APPROACHLO |
||
| 260 |
_aLONDON _bWORD PUBLISHING _cc1986 |
||
| 300 | _a292p | ||
| 942 |
_2lcc _cBK _n0 |
||
| 999 |
_c7463 _d7463 |
||